00291nam a22001217a 4500003000400000020001800004082001700022100002700039245003500066260003800101300000800139650002200147SGT a9788126714353 a954.03bA07V aVAISAMPAYAN, VISHWNATH aAMAR SAHID CHANDRASHEKHAR AZAD aINDIA bRAJKAMAL PARKASHAN c2007 a338 aFREEDOM FIGHTERS